LIBRARY & INFORMATION CENTRE, KCAET, TAVANUR

ONLINE PUBLIC ACCESS CATALOGUE (OPAC)

Development of software for steady state drain spacing calculation (Record no. 15165)

MARC details
000 -LEADER
fixed length control field 00682nam a22001937a 4500
003 - CONTROL NUMBER IDENTIFIER
control field OSt
088 ## - REPORT NUMBER
Report number P 261
100 ## - MAIN ENTRY--AUTHOR NAME
Personal name BASITH K
245 ## - TITLE STATEMENT
Title Development of software for steady state drain spacing calculation
260 ## - PUBLICATION, DISTRIBUTION, ETC. (IMPRINT)
Place of publication Tavanur 2013
Name of publisher Department of Irrigation and Drainage Engineering
300 ## - PHYSICAL DESCRIPTION
Number of Pages 75
500 ## - GENERAL NOTE
General note Development of software for steady state drain spacing calculation
520 ## - SUMMARY, ETC.
Summary, etc Development of software for steady state drain spacing calculation
700 ## - ADDED ENTRY--PERSONAL NAME
Personal name Farsana T
700 ## - ADDED ENTRY--PERSONAL NAME
Personal name Dr. K. V Levan (Guide)
856 ## - ELECTRONIC LOCATION AND ACCESS
Uniform Resource Identifier https://drive.google.com/open?id=12jKyFrhdTYsLQhKabEAVVWNpeIzwR-aH
942 ## - ADDED ENTRY ELEMENTS (KOHA)
Koha item type Project Report
Holdings
Collection code Home library Current library Shelving location Full call number Accession Number Koha item type
Reference KAUAET KAUAET Reference 631.587 BAS/DE P 261 Project Report
free website counter